LEADER 03700nam 2200721 450 001 9910788812403321 005 20230803200427.0 010 $a1-61451-213-2 010 $a1-61451-212-4 010 $a1-5015-0060-0 024 7 $a10.1515/9781614512127 035 $a(CKB)3360000000514958 035 $a(EBL)990695 035 $a(SSID)ssj0001435492 035 $a(PQKBManifestationID)11902162 035 $a(PQKBTitleCode)TC0001435492 035 $a(PQKBWorkID)11428874 035 $a(PQKB)10167970 035 $a(MiAaPQ)EBC990695 035 $a(DE-B1597)178782 035 $a(OCoLC)979625290 035 $a(DE-B1597)9781614512127 035 $a(Au-PeEL)EBL990695 035 $a(CaPaEBR)ebr11006183 035 $a(CaONFJC)MIL805936 035 $a(OCoLC)897443673 035 $a(EXLCZ)993360000000514958 100 $a20150126h20142014 uy| 0 101 0 $aeng 135 $aur||#|||||||| 181 $ctxt 182 $cc 183 $acr 200 10$aNew York City English /$fMichael Newman 210 1$aBoston :$cDe Gruyter Mouton,$d[2014] 210 4$dİ2014 215 $a1 online resource (192 p.) 225 1 $aDialects of English ;$vvolume 10 300 $aDescription based upon print version of record. 311 $a1-5015-0889-X 311 $a1-61451-289-2 320 $aIncludes bibliographical references and index. 327 $tFront matter --$tContents --$t1 Introduction --$t2 Geography demography and cultural factors --$t3 Phonetics and Phonology --$t4 Morphology and Syntax --$t5 Discourse Factors --$t6 Lexicon --$t7 The History and Study of NYCE --$t8 Conclusion --$t9 Appendix A: Short Biographical Descriptions of the BQ-16 --$t10 Appendix B: Transcriptions of NYCE Speakers --$tReferences --$tIndex 330 $aNew York City English is one of the most recognizable of US dialects, and research on it launched modern sociolinguistics. Yet the city's speech has never before received a comprehensive description and analysis. In this book, Michael Newman examines the differences and similarities among the ways English is spoken by the extraordinarily diverse population living in the NY dialect region. He uses data from a variety of sources including older dialectological accounts, classic and recent variationist studies, and original research on speakers from around the dialect region. All levels of language are explored including phonology, morphosyntax, lexicon, and discourse along with a history of English in the region. But this book provides far more than a dialectological and historical inventory of linguistic features. The forms used by different groups of New Yorkers are discussed in terms of their complex social meanings. Furthermore, Newman illustrates the varied forms of sociolinguistic significance with examples from the personal experiences of a variety of New Yorkers and includes links to sound files on the publisher's site and videos on YouTube. The result is a rigorous but accessible and compelling account of the English spoken in this great city. 410 0$aDialects of English ;$vvolume 10. 606 $aEnglish language$xDialects$zNew York (State)$zNew York 607 $aNew York (State)$zNew York$2fast 607 $aNew York, NY$2gnd 610 $aDialects. 610 $aEnglish. 610 $aNew York City. 610 $aSociolinguistics. 615 0$aEnglish language$xDialects 676 $a427.97471 686 $aHF 980$2rvk 700 $aNewman$b Michael$0884009 801 0$bMiAaPQ 801 1$bMiAaPQ 801 2$bMiAaPQ 906 $aBOOK 912 $a9910788812403321 996 $aNew York City English$93787129 997 $aUNINA LEADER 03657nam 22004935 450 001 9910148843203321 005 20200629140344.0 010 $a3-319-41677-4 024 7 $a10.1007/978-3-319-41677-9 035 $a(CKB)3710000000922673 035 $a(DE-He213)978-3-319-41677-9 035 $a(MiAaPQ)EBC4731210 035 $a(PPN)19632422X 035 $a(EXLCZ)993710000000922673 100 $a20161031d2017 u| 0 101 0 $aeng 135 $aurnn|008mamaa 181 $ctxt$2rdacontent 182 $cc$2rdamedia 183 $acr$2rdacarrier 200 10$aAdipocytokines, Energy Balance, and Cancer /$fedited by Ofer Reizes, Nathan A. Berger 205 $a1st ed. 2017. 210 1$aCham :$cSpringer International Publishing :$cImprint: Springer,$d2017. 215 $a1 online resource (XII, 302 p. 19 illus., 16 illus. in color.) 225 1 $aEnergy Balance and Cancer,$x2199-2622 ;$v12 311 $a3-319-41675-8 320 $aIncludes bibliographical references at the end of each chapters and index. 327 $aPreface -- 1. Adipocytes, Adipocytokines, and Cancer -- 2. Adiponectin, Obesity, and Cancer -- 3. Leptin in Cancer; Epidemiology and Mechanisms -- 4. Leptin Signaling Pathways as Therapeutic Targets in Cancer -- 5. Retinol Binding Protein 4: Role in Diabetes and Cancer -- 6. Visfatin, Obesity, and Cancer -- 7. Apelin and Cancer -- 8. Novel Adipocytokines: Monocyte Chemotactic Protein-1, Plasminogen Activator Inhibitor-1, Chemerin -- 9. Resistin, Obesity, and Cancer -- 10. CRP Role in Cancer -- 11. GI Peptides, Energy Balance and Cancer -- Index. 330 $aAdipocytokines provide the circuitry by which adipose tissue communicates among its component cells which include adipocytes, stromal cells, immune cells and vascular elements, with adipose tissue depots in other locations throughout the body and with other tissues in order to regulate physiologic processes of energy intake, utilization, and distribution. Since disturbances, both qualitative and quantitative, in adipocytokine function contribute significantly to many of the comorbidities associated with obesity, including diabetes, cardiovascular disease and cancer, this volume, which discusses most of the major adipocytokines independently and collectively and their roles in normal and pathologic processes, should be useful to all individuals seeking a deeper understanding of these processes. Moreover, it provides a valuable complement to the series on Energy Balance and Cancer, in which each volume is focused on a specific aspect of this process, which now constitutes an expanding problem as the obesity pandemic continues and more of the population reaches the age where cancer is most prevalent. This volume should provide a valuable resource to all clinicians and scientists engaged in caring for susceptible patients and in exploring the relation between energy balance and cancer as well as an important platform to providing the background for research development. 410 0$aEnergy Balance and Cancer,$x2199-2622 ;$v12 606 $aCancer$xResearch 606 $aCancer Research$3https://scigraph.springernature.com/ontologies/product-market-codes/B11001 615 0$aCancer$xResearch. 615 14$aCancer Research. 676 $a616.994042 702 $aReizes$b Ofer$4edt$4http://id.loc.gov/vocabulary/relators/edt 702 $aBerger$b Nathan A$4edt$4http://id.loc.gov/vocabulary/relators/edt 801 0$bMiAaPQ 801 1$bMiAaPQ 801 2$bMiAaPQ 906 $aBOOK 912 $a9910148843203321 996 $aAdipocytokines, Energy Balance, and Cancer$91538816 997 $aUNINA